Library Banner

Clover cellars [+CD] (Record no. 30658)

MARC details
000 -LEADER
fixed length control field 00469nam a2200181Ia 4500
001 - CONTROL NUMBER
control field 30535
008 - FIXED-LENGTH DATA ELEMENTS--GENERAL INFORMATION
fixed length control field 140416s9999 xx 000 0 und d
020 ## - INTERNATIONAL STANDARD BOOK NUMBER
International Standard Book Number 007471430-9
040 ## - CATALOGING SOURCE
Transcribing agency PK-LaUMT
082 ## - DEWEY DECIMAL CLASSIFICATION NUMBER
Classification number 657.207
Item number HAL-C
100 ## - MAIN ENTRY--PERSONAL NAME
Personal name Abdel Halabi
245 ## - TITLE STATEMENT
Title Clover cellars [+CD]
Remainder of title am accounting practice set
Statement of responsibility, etc Abdel Halabi<>Robyn Dyt
260 ## - PUBLICATION, DISTRIBUTION, ETC. (IMPRINT)
Place of publication, distribution, etc Boston,USA:
Name of publisher, distributor, etc McGraw-Hill,
Date of publication, distribution, etc 2004
300 ## - PHYSICAL DESCRIPTION
Extent 122 p.
Accompanying material CD
546 ## - LANGUAGE NOTE
Language note EN
700 ## - ADDED ENTRY--PERSONAL NAME
Personal name Robyn Dyt
942 ## - ADDED ENTRY ELEMENTS (KOHA)
Koha item type Books
Holdings
Withdrawn status Lost status Damaged status Not for loan Home library Current library Date acquired Total Checkouts Full call number Barcode Date last seen Price effective from Koha item type
        UMT Main Campus UMT Main Campus 2014-04-16   657.207 HAL-C 38041 2014-05-03 2014-05-03 Books